000 00435nam a2200181Ia 4500
005 20250508170345.0
008 008 250505s9999 xx 000 0 eng d
037 _aTextual
040 _aFEDL
_beng
_cFEDL
041 _aeng
_2eng
084 _aB, AMB
_qFEDL
100 _aShourie Arun
245 0 _aWorshipping false gods
260 _c1997
300 _a663p.
942 _cTEXL
_hB, AMB
999 _c1400640
_d1400640